000 00443nam a2200133Ia 4500
003 GCL
008 140319s9999 xx 000 0 ara d
040 _aGCL /
_cGCL
082 0 4 _a916.12
_bع ج
245 1 0 _aجغرافية ليبيا: الحائز على جائزة الدولة فى الجمهورية العربية المتحدة 1964
260 _a[S.N] :
_bدار الجامعات المصرية ،
_c1971
300 _a389 ص
490 _a
999 _c35396
_d35396